[Event "38. Open Ciudad de San Sebastián"]
[Site "San Sebastián ESP"]
[Date "2015.03.28"]
[Round "1.1"]
[White "Vazquez Igarza, Renier"]
[Black "Vargas Drechsler, Carlos"]
[Result "1-0"]
[WhiteElo "2596"]
[BlackElo "1848"]
[PlyCount "63"]
[EventDate "2015.03.28"]
[EventType "swiss"]
[EventRounds "9"]
[EventCountry "ESP"]
[Source "lmi"]
[SourceDate "2015.03.28"]

1. Nf3 d5 2. d4 Nf6 3. c4 c6 4. e3 e6 5. Nbd2 Nbd7 6. Bd3 Bd6 7. O-O O-O 8. e4
dxe4 9. Nxe4 Nxe4 10. Bxe4 e5 11. dxe5 Nxe5 12. Nxe5 Bxe5 13. Bxh7+ Kxh7 14.
Qh5+ Kg8 15. Qxe5 Re8 16. Qc3 Re2 17. Be3 Be6 18. b3 Qh4 19. Qd3 Qg4 20. h3 Qh5
21. Rfe1 Rxe1+ 22. Rxe1 Qf5 23. Qc3 Rd8 24. Bd4 Qg6 25. Kh2 c5 26. Bxc5 Rd3 27.
Qe5 Bd7 28. Be3 Bc6 29. f3 Rd8 30. Qg3 Qc2 31. Bg5 Rd3 32. Bf6 1-0

[Event "38. Open Ciudad de San Sebastián"]
[Site "San Sebastián ESP"]
[Date "2015.03.28"]
[Round "1.2"]
[White "Fernandez Garcia, Francisco Jo"]
[Black "Epishin, Vladimir"]
[Result "0-1"]
[WhiteElo "1848"]
[BlackElo "2563"]
[PlyCount "98"]
[EventDate "2015.03.28"]
[EventType "swiss"]
[EventRounds "9"]
[EventCountry "ESP"]
[Source "lmi"]
[SourceDate "2015.03.28"]

1. e4 c5 2. Nf3 Nc6 3. d4 cxd4 4. Nxd4 Qb6 5. Nb3 Qc7 6. Nc3 e6 7. a3 Nf6 8.
Be3 Be7 9. Be2 O-O 10. O-O Rd8 11. f4 b6 12. e5 Ne8 13. Qe1 Bb7 14. Nb5 Qc8 15.
Bf3 d6 16. Qg3 g6 17. c3 Ng7 18. N5d4 dxe5 19. fxe5 Nf5 20. Nxf5 exf5 21. Bxc6
Bxc6 22. Nd4 Be4 23. Bg5 Bxg5 24. Qxg5 Qc5 25. Qg3 Re8 26. Kh1 Rxe5 27. Rae1
Rae8 28. h3 h6 29. Kh2 Kh7 30. Qf4 g5 31. Qf2 f4 32. Qd2 f6 33. Qd1 Qd5 34. Re2
Bg6 35. Ref2 Re3 36. Qa4 a5 37. Qd1 h5 38. Qc1 Qe4 39. Nf3 g4 40. Nd2 Qd3 41.
Rxf4 Rxh3+ 42. Kg1 Re2 43. R1f2 Rhe3 44. Nf1 Re1 45. Qxe1 Rxe1 46. Rxf6 Qe3 47.
Kh2 Qe5+ 48. g3 h4 49. R6f4 Re2 0-1

[Event "38. Open Ciudad de San Sebastián"]
[Site "San Sebastián ESP"]
[Date "2015.03.28"]
[Round "1.3"]
[White "Andres Gonzalez, Alberto"]
[Black "Prado Lobo, Jonas"]
[Result "1-0"]
[WhiteElo "2515"]
[BlackElo "1847"]
[PlyCount "80"]
[EventDate "2015.03.28"]
[EventType "swiss"]
[EventRounds "9"]
[EventCountry "ESP"]
[Source "lmi"]
[SourceDate "2015.03.28"]

1. Nf3 Nf6 2. c4 g6 3. g3 Bg7 4. Bg2 c6 5. O-O O-O 6. d4 d5 7. Qb3 Qb6 8. Nc3
Qxb3 9. axb3 Bf5 10. Bf4 Na6 11. Ra4 Rfd8 12. Rc1 Rac8 13. h3 Ne4 14. g4 Nxc3
15. bxc3 Be4 16. c5 Re8 17. Bf1 f5 18. Nd2 fxg4 19. hxg4 e5 20. dxe5 g5 21.
Bxg5 Rxe5 22. Bf4 Re6 23. Nxe4 dxe4 24. e3 Rg6 25. Bc4+ Kh8 26. Bxa6 Rxg4+ 27.
Kf1 bxa6 28. Rxa6 h5 29. Rxa7 h4 30. Ke2 Rd8 31. Re7 Rd5 32. b4 h3 33. Rh1 Bxc3
34. Rxh3+ Kg8 35. Rxe4 Rd2+ 36. Kf3 Rg1 37. Rh6 Rf1 38. Bg3 Rb2 39. Rxc6 Bxb4
40. Rb6 Ba3 1-0

[Event "38. Open Ciudad de San Sebastián"]
[Site "San Sebastián ESP"]
[Date "2015.03.28"]
[Round "1.4"]
[White "Fuente San Sebastian, Ernesto"]
[Black "Libiszewski, Fabien"]
[Result "0-1"]
[WhiteElo "1842"]
[BlackElo "2514"]
[PlyCount "75"]
[EventDate "2015.03.28"]
[EventType "swiss"]
[EventRounds "9"]
[EventCountry "ESP"]
[Source "lmi"]
[SourceDate "2015.03.28"]

1. c4 Nf6 2. Nc3 e5 3. e3 Bb4 4. Nf3 Bxc3 5. bxc3 d6 6. Ba3 e4 7. Nd4 c5 8. Ne2
Nc6 9. Nf4 O-O 10. Be2 Ne5 11. O-O b6 12. Nd5 Be6 13. Qb3 Rb8 14. f4 exf3 15.
Bxf3 b5 16. Nxf6+ Qxf6 17. Bd5 bxc4 18. Qxb8 Qxf1+ 19. Rxf1 Rxb8 20. Be4 g6 21.
Rb1 Rxb1+ 22. Bxb1 f5 23. Kf2 Bd5 24. Bc2 Kf7 25. Bd1 Be4 26. g3 Bb1 27. h3
Bxa2 28. Bc2 Bb3 29. Bb1 Ba4 30. Ke2 Bb5 31. e4 Bd7 32. h4 fxe4 33. Bxe4 Bf5
34. Bd5+ Kf6 35. Ke3 Bd3 36. Kf4 h6 37. Bb7 g5+ 38. hxg5+ 0-1

[Event "38. Open Ciudad de San Sebastián"]
[Site "San Sebastián ESP"]
[Date "2015.03.28"]
[Round "1.5"]
[White "Chabanon, Jean-luc"]
[Black "Sanchez Ruesga, Carlos"]
[Result "1-0"]
[WhiteElo "2491"]
[BlackElo "1842"]
[PlyCount "61"]
[EventDate "2015.03.28"]
[EventType "swiss"]
[EventRounds "9"]
[EventCountry "ESP"]
[Source "lmi"]
[SourceDate "2015.03.28"]

1. d4 f5 2. c4 Nf6 3. Nf3 g6 4. g3 Bg7 5. Bg2 O-O 6. O-O d6 7. Nc3 Qe8 8. d5 c5
9. Re1 Na6 10. e4 fxe4 11. Ng5 Bf5 12. h3 Qd7 13. g4 Nxg4 14. hxg4 Bxg4 15. Qd2
Bf3 16. Ne6 Bxg2 17. Kxg2 Nc7 18. Rxe4 Nxe6 19. dxe6 Qc6 20. Nd5 Rae8 21. Qd3
Rf5 22. a4 b6 23. Be3 Bxb2 24. Rh1 Bf6 25. Rg4 Bg7 26. Qe4 Qxa4 27. Bh6 Qa2 28.
Qxf5 gxf5 29. Rxg7+ Kh8 30. Nxe7 Qxc4 31. Rxh7+ 1-0

[Event "38. Open Ciudad de San Sebastián"]
[Site "San Sebastián ESP"]
[Date "2015.03.28"]
[Round "1.6"]
[White "Orube Bona, Andoni"]
[Black "Oratovsky, Michael"]
[Result "0-1"]
[WhiteElo "1814"]
[BlackElo "2486"]
[PlyCount "42"]
[EventDate "2015.03.28"]
[EventType "swiss"]
[EventRounds "9"]
[EventCountry "ESP"]
[Source "lmi"]
[SourceDate "2015.03.28"]

1. d4 d6 2. c4 e5 3. Nf3 e4 4. Ng5 f5 5. Nc3 c6 6. f3 Be7 7. Nh3 Nf6 8. Nf2 d5
9. c5 O-O 10. Be3 b6 11. Qb3 bxc5 12. dxc5 Na6 13. Na4 Rb8 14. Qc2 Nb4 15. Qd1
d4 16. Bd2 e3 17. Qb3+ Nfd5 18. a3 exd2+ 19. Kd1 Be6 20. Kxd2 Bg5+ 21. Ke1 Qa5
0-1

[Event "38. Open Ciudad de San Sebastián"]
[Site "San Sebastián ESP"]
[Date "2015.03.28"]
[Round "1.8"]
[White "Sierra Carranza, Sergio"]
[Black "Galego, Luis"]
[Result "0-1"]
[WhiteElo "1807"]
[BlackElo "2461"]
[PlyCount "58"]
[EventDate "2015.03.28"]
[EventType "swiss"]
[EventRounds "9"]
[EventCountry "ESP"]
[Source "lmi"]
[SourceDate "2015.03.28"]

1. d4 Nf6 2. c4 d6 3. Nc3 Nbd7 4. Nf3 e5 5. e4 Be7 6. Be2 O-O 7. O-O c6 8. d5
Nc5 9. Qc2 cxd5 10. cxd5 Bg4 11. Be3 Rc8 12. Bxc5 Rxc5 13. Ne1 Bd7 14. Qd2 Qb8
15. Nd3 Rcc8 16. f4 b5 17. fxe5 dxe5 18. Qg5 Nxd5 19. Qxe5 Nxc3 20. bxc3 Qb6+
21. Qd4 Rxc3 22. Qxb6 axb6 23. Ne5 Be6 24. Rfc1 b4 25. Rxc3 bxc3 26. Nc6 Bc5+
27. Kf1 Ra8 28. a4 c2 29. Bb5 Ba3 0-1

[Event "38. Open Ciudad de San Sebastián"]
[Site "San Sebastián ESP"]
[Date "2015.03.28"]
[Round "1.9"]
[White "Pap, Misa"]
[Black "Vicente Ezeiza, Mikel"]
[Result "1-0"]
[WhiteElo "2459"]
[BlackElo "1806"]
[PlyCount "77"]
[EventDate "2015.03.28"]
[EventType "swiss"]
[EventRounds "9"]
[EventCountry "ESP"]
[Source "lmi"]
[SourceDate "2015.03.28"]

1. e4 c5 2. Nf3 d6 3. d4 cxd4 4. Nxd4 Nf6 5. Nc3 g6 6. Be3 Bg7 7. f3 O-O 8. Qd2
Nc6 9. g4 Nd7 10. O-O-O Nde5 11. Be2 Na5 12. Bg5 Nec4 13. Bxc4 Nxc4 14. Qd3 Ne5
15. Qe2 Bd7 16. Kb1 h6 17. Bc1 Nc6 18. Be3 Rc8 19. Nxc6 bxc6 20. Bd4 Bxd4 21.
Rxd4 Qb6 22. Qd2 Rb8 23. b3 Kh7 24. h4 a5 25. e5 d5 26. Na4 Qa7 27. Qc3 Rb5 28.
h5 g5 29. f4 e6 30. fxg5 c5 31. Rf4 hxg5 32. Rf6 c4 33. Qd2 cxb3 34. axb3 Rg8
35. Rxf7+ Kh8 36. Qd3 Rg7 37. Rxg7 Kxg7 38. Qg6+ Kh8 39. Rf1 1-0

[Event "38. Open Ciudad de San Sebastián"]
[Site "San Sebastián ESP"]
[Date "2015.03.28"]
[Round "1.10"]
[White "Hernansanz Lorenzo, Iker"]
[Black "Espinosa Aranda, Angel"]
[Result "0-1"]
[WhiteElo "1806"]
[BlackElo "2408"]
[PlyCount "102"]
[EventDate "2015.03.28"]
[EventType "swiss"]
[EventRounds "9"]
[EventCountry "ESP"]
[Source "lmi"]
[SourceDate "2015.03.28"]

1. e4 c5 2. Nf3 d6 3. d3 Nc6 4. Nbd2 g6 5. g3 Bg7 6. Bg2 e5 7. O-O Nge7 8. Re1
O-O 9. Nf1 h6 10. c3 Be6 11. h4 Qd7 12. N1h2 d5 13. h5 dxe4 14. dxe4 Qxd1 15.
Rxd1 gxh5 16. Nh4 Ng6 17. Be3 Nxh4 18. gxh4 b6 19. Bf3 Kh7 20. Bxh5 Bf6 21. Nf3
Rad8 22. Kf1 Be7 23. Rxd8 Rxd8 24. Ke2 Bc4+ 25. Ke1 Rg8 26. b3 Be6 27. Ke2 a5
28. Rb1 f5 29. exf5 Bxf5 30. Rd1 Be6 31. Rb1 Rd8 32. Rg1 Bf5 33. Rd1 e4 34. Nh2
Rxd1 35. Kxd1 Bxh4 36. Ng4 Bxg4+ 37. Bxg4 Ne7 38. Be6 Kg6 39. b4 axb4 40. cxb4
cxb4 41. Bxb6 Kf6 42. Bh3 Ke5 43. Bg2 Nd5 44. Bc5 Be7 45. Bxe7 Nxe7 46. Kc2 Kd4
47. Kb3 Nd5 48. Bf1 h5 49. a3 bxa3 50. Kxa3 Nf4 51. Kb3 h4 0-1

[Event "38. Open Ciudad de San Sebastián"]
[Site "San Sebastián ESP"]
[Date "2015.03.28"]
[Round "1.11"]
[White "Andres Gonzalez, Ivan"]
[Black "Kizatbay, Abyl"]
[Result "1-0"]
[WhiteElo "2360"]
[BlackElo "1803"]
[PlyCount "67"]
[EventDate "2015.03.28"]
[EventType "swiss"]
[EventRounds "9"]
[EventCountry "ESP"]
[Source "lmi"]
[SourceDate "2015.03.28"]

1. e4 c5 2. Nc3 Nc6 3. Bb5 g6 4. Nf3 Bg7 5. O-O d6 6. Bxc6+ bxc6 7. e5 dxe5 8.
Qe2 f6 9. Qc4 Nh6 10. d3 Nf7 11. Be3 Nd6 12. Qxc5 Bb7 13. Rfe1 O-O 14. Rad1 Rf7
15. Ne4 Qc7 16. Qa3 Bc8 17. h3 g5 18. Bc5 Bf8 19. d4 Nxe4 20. Rxe4 exd4 21.
Rexd4 Bf5 22. R4d2 e5 23. c3 Bxc5 24. Qxc5 Rb8 25. b4 Be6 26. a4 g4 27. hxg4
Bxg4 28. Qc4 h5 29. Rd6 Kg7 30. Qe4 c5 31. b5 Re8 32. R1d2 Rd7 33. Qxg4+ hxg4
34. Rxd7+ 1-0

[Event "38. Open Ciudad de San Sebastián"]
[Site "San Sebastián ESP"]
[Date "2015.03.28"]
[Round "1.12"]
[White "Alfaro Garcia Del Cerro, Juan"]
[Black "Aranaz Murillo, Amalia"]
[Result "0-1"]
[WhiteElo "1802"]
[BlackElo "2319"]
[PlyCount "62"]
[EventDate "2015.03.28"]
[EventType "swiss"]
[EventRounds "9"]
[EventCountry "ESP"]
[Source "lmi"]
[SourceDate "2015.03.28"]

1. d4 Nf6 2. c4 c5 3. d5 b5 4. cxb5 a6 5. bxa6 g6 6. Nc3 Bg7 7. g3 Bxa6 8. Bg2
d6 9. Nf3 Nfd7 10. Qc2 Nb6 11. h4 N8d7 12. h5 Bb7 13. hxg6 hxg6 14. Rxh8+ Bxh8
15. Ng5 Nf6 16. Ne6 Qb8 17. Nf4 Bg7 18. Ne6 Bh8 19. Nf4 Bc8 20. Rb1 Bf5 21. e4
Bd7 22. b3 Ng4 23. a4 Qa7 24. Bh3 Ne5 25. Bxd7+ Qxd7 26. Qe2 c4 27. Bd2 g5 28.
Qh5 O-O-O 29. bxc4 Nbxc4 30. Qe2 gxf4 31. gxf4 Qg4 0-1

[Event "38. Open Ciudad de San Sebastián"]
[Site "San Sebastián ESP"]
[Date "2015.03.28"]
[Round "1.13"]
[White "Hernandez, Elvis"]
[Black "Banuelos Rodenas, Arturo"]
[Result "1-0"]
[WhiteElo "2308"]
[BlackElo "1800"]
[PlyCount "51"]
[EventDate "2015.03.28"]
[EventType "swiss"]
[EventRounds "9"]
[EventCountry "ESP"]
[Source "lmi"]
[SourceDate "2015.03.28"]

1. e4 c6 2. d4 d5 3. f3 e6 4. Nc3 Nd7 5. Be3 dxe4 6. fxe4 Ngf6 7. e5 Nd5 8.
Nxd5 cxd5 9. Nf3 Be7 10. Bd3 Nb6 11. c3 Bd7 12. Qc2 h6 13. O-O Qc7 14. b3 O-O-O
15. a4 Be8 16. a5 Nd7 17. c4 Nb8 18. c5 Nc6 19. Qd2 f5 20. a6 b6 21. b4 Rf8 22.
b5 Na5 23. cxb6 axb6 24. Rxa5 Qa7 25. Rc1+ Bc5 26. Ra2 1-0

[Event "38. Open Ciudad de San Sebastián"]
[Site "San Sebastián ESP"]
[Date "2015.03.28"]
[Round "1.14"]
[White "Barragan Hernandez, Manel"]
[Black "Cruz Lledo, Pablo"]
[Result "0-1"]
[WhiteElo "1795"]
[BlackElo "2284"]
[PlyCount "38"]
[EventDate "2015.03.28"]
[EventType "swiss"]
[EventRounds "9"]
[EventCountry "ESP"]
[Source "lmi"]
[SourceDate "2015.03.28"]

1. e4 d5 2. exd5 Qxd5 3. Nc3 Qd6 4. d4 Nf6 5. Be3 a6 6. Qd2 Nc6 7. Nf3 Bg4 8.
Be2 O-O-O 9. O-O-O e6 10. h3 Bh5 11. Bf4 Qb4 12. Ne5 Rxd4 13. Nxc6 Rxd2 14.
Rxd2 Qxf4 15. g3 Qxd2+ 16. Kxd2 Bxe2 17. Kxe2 bxc6 18. Rd1 Bb4 19. Na4 Rd8 0-1

[Event "38. Open Ciudad de San Sebastián"]
[Site "San Sebastián ESP"]
[Date "2015.03.28"]
[Round "1.15"]
[White "Sanchez Saez, Francisco"]
[Black "Saenz Zabala, Juan Ignacio"]
[Result "1-0"]
[WhiteElo "2281"]
[BlackElo "1788"]
[PlyCount "57"]
[EventDate "2015.03.28"]
[EventType "swiss"]
[EventRounds "9"]
[EventCountry "ESP"]
[Source "lmi"]
[SourceDate "2015.03.28"]

1. e4 c5 2. Nf3 Nf6 3. Nc3 e6 4. e5 Nd5 5. Nxd5 exd5 6. d4 Nc6 7. Bd3 c4 8. Bf5
d6 9. Bxc8 Rxc8 10. e6 Be7 11. exf7+ Kxf7 12. O-O Rf8 13. c3 Kg8 14. Re1 Re8
15. Bf4 Bf8 16. Qc2 h6 17. Qf5 Ne7 18. Qe6+ Kh7 19. Nh4 g5 20. Qf7+ Bg7 21. Nf5
Nxf5 22. Qxf5+ Kg8 23. Rxe8+ Qxe8 24. Bxd6 Rc6 25. Qxd5+ Kh8 26. Be5 Bxe5 27.
dxe5 Rb6 28. Re1 Rxb2 29. e6 1-0

[Event "38. Open Ciudad de San Sebastián"]
[Site "San Sebastián ESP"]
[Date "2015.03.28"]
[Round "1.16"]
[White "Garcia Mtez De La Hidalga, Alb"]
[Black "Nava Pereda, Carlos"]
[Result "0-1"]
[WhiteElo "1785"]
[BlackElo "2266"]
[PlyCount "80"]
[EventDate "2015.03.28"]
[EventType "swiss"]
[EventRounds "9"]
[EventCountry "ESP"]
[Source "lmi"]
[SourceDate "2015.03.28"]

1. d4 Nf6 2. c4 g6 3. Nc3 Bg7 4. e4 d6 5. Nf3 O-O 6. Be2 c5 7. O-O cxd4 8. Nxd4
Nc6 9. Be3 Bd7 10. f3 Nxd4 11. Bxd4 a5 12. Qd2 Bc6 13. Rfd1 Nd7 14. Rac1 Bxd4+
15. Qxd4 a4 16. Nd5 e5 17. Qd2 Nc5 18. Nb4 Qb6 19. Kh1 Bxe4 20. Qxd6 Qxb4 21.
fxe4 Rfe8 22. Rf1 Rad8 23. Qf6 Rd7 24. Rcd1 Nxe4 25. Qf3 Nd2 26. Rxd2 e4 27.
Rxd7 exf3 28. Bxf3 Re1 29. Rd1 Rxf1+ 30. Rxf1 Qxc4 31. Rd1 Qc2 32. h3 Qxb2 33.
Rd7 Qc1+ 34. Kh2 Qf4+ 35. Kg1 b5 36. Kf2 b4 37. Rb7 b3 38. axb3 a3 39. Rd7 a2
40. Rd1 a1=Q 0-1

[Event "38. Open Ciudad de San Sebastián"]
[Site "San Sebastián ESP"]
[Date "2015.03.28"]
[Round "1.17"]
[White "Sanchez Botella, Luis Javier"]
[Black "Baquedano Coarasa, Pablo"]
[Result "1-0"]
[WhiteElo "2259"]
[BlackElo "1781"]
[PlyCount "135"]
[EventDate "2015.03.28"]
[EventType "swiss"]
[EventRounds "9"]
[EventCountry "ESP"]
[Source "lmi"]
[SourceDate "2015.03.28"]

1. e4 c5 2. Nf3 d6 3. d4 cxd4 4. Nxd4 Nf6 5. Nc3 a6 6. Be3 e5 7. Nb3 Be6 8. f3
Be7 9. Qd2 Nbd7 10. g4 O-O 11. O-O-O b5 12. Kb1 Nb6 13. Qf2 Nc4 14. Bc1 Qc7 15.
g5 Nh5 16. Nd5 Bxd5 17. exd5 a5 18. h4 Rfc8 19. Bh3 Rcb8 20. Bg4 Nf4 21. Bxf4
exf4 22. Qd4 a4 23. Nc1 Ne3 24. Rd2 a3 25. b3 Bf8 26. Ne2 Nxg4 27. fxg4 f3 28.
Ng3 Re8 29. Rd3 Rac8 30. Rc1 Qc5 31. Qxc5 Rxc5 32. Rxf3 Rxd5 33. Rcf1 Rde5 34.
Kc1 d5 35. Kd2 Bb4+ 36. c3 Ba5 37. b4 Bb6 38. Rxf7 Re3 39. R7f3 d4 40. cxd4
Bxd4 41. Rxe3 Bxe3+ 42. Kd3 Bb6 43. Nf5 Re6 44. Rf4 h6 45. gxh6 gxh6 46. Re4
Rf6 47. Re8+ Kf7 48. Rh8 Bf2 49. Ke2 Bg1 50. Rxh6 Rxh6 51. Nxh6+ Ke6 52. Kd3
Bf2 53. Nf5 Be1 54. h5 Kf6 55. Ke4 Bxb4 56. Nd4 Kg5 57. Kf3 Bd6 58. Nxb5 Bc5
59. Nc3 Bf8 60. Ne4+ Kh6 61. Kf4 Bb4 62. Kf5 Kg7 63. g5 Ba5 64. h6+ Kh7 65.
Nf6+ Kh8 66. Kg6 Bd2 67. Ne4 Bc1 68. Nd6 1-0

[Event "38. Open Ciudad de San Sebastián"]
[Site "San Sebastián ESP"]
[Date "2015.03.28"]
[Round "1.18"]
[White "Martin-consuegra Barrilero, Ja"]
[Black "Jimenez Almeida, Luis David"]
[Result "0-1"]
[WhiteElo "1774"]
[BlackElo "2244"]
[PlyCount "108"]
[EventDate "2015.03.28"]
[EventType "swiss"]
[EventRounds "9"]
[EventCountry "ESP"]
[Source "lmi"]
[SourceDate "2015.03.28"]

1. d4 Nf6 2. Bf4 c5 3. e3 g6 4. c3 d5 5. h3 Bg7 6. Nf3 O-O 7. Be2 Nc6 8. O-O
Nd7 9. Na3 e5 10. dxe5 Ndxe5 11. Nxe5 Nxe5 12. Qb3 b6 13. Rad1 Be6 14. c4 d4
15. Nb5 Nc6 16. Nc7 Rc8 17. Nxe6 fxe6 18. a3 e5 19. Bg3 e4 20. Bg4 Ra8 21. Be6+
Kh8 22. Bd5 Qe7 23. Qb5 Rac8 24. b4 cxb4 25. axb4 d3 26. f3 exf3 27. Bxf3 Ne5
28. Bxe5 Qxe5 29. Qxe5 Bxe5 30. Bd5 Bc3 31. Rxf8+ Rxf8 32. b5 d2 33. Bf3 Kg7
34. Kf2 Rc8 35. Bd5 Rf8+ 36. Ke2 h5 37. Rb1 Kh6 38. Rd1 g5 39. Rxd2 Bxd2 40.
Kxd2 Kg6 41. Bf3 Rd8+ 42. Kc3 h4 43. Bd5 g4 44. hxg4 Kg5 45. Kd4 Kxg4 46. Kd3
Kg3 47. Ke2 Rf8 48. Kd3 Rf2 49. Kd4 Rxg2 50. Bxg2 Kxg2 51. e4 h3 52. Kd5 h2 53.
e5 h1=Q 54. Kd6 Qc1 0-1

[Event "38. Open Ciudad de San Sebastián"]
[Site "San Sebastián ESP"]
[Date "2015.03.28"]
[Round "1.19"]
[White "Prosviriakov, Vladimir"]
[Black "Cantabrana Garona, Alejandro"]
[Result "1-0"]
[WhiteElo "2227"]
[BlackElo "1773"]
[PlyCount "75"]
[EventDate "2015.03.28"]
[EventType "swiss"]
[EventRounds "9"]
[EventCountry "ESP"]
[Source "lmi"]
[SourceDate "2015.03.28"]

1. e4 g6 2. d4 d6 3. Nc3 Bg7 4. Be3 a6 5. a4 b6 6. Nge2 Bb7 7. f4 e6 8. Ng3 Ne7
9. Bd3 Nd7 10. O-O f5 11. e5 d5 12. Nce2 c5 13. b3 h5 14. a5 Nc6 15. axb6 cxd4
16. Nxd4 Nxd4 17. Bxd4 Nxb6 18. Ne2 Bf8 19. Qe1 Nd7 20. b4 Be7 21. Be3 Nb8 22.
Nd4 Kf7 23. c3 Qc7 24. Nb3 Nd7 25. Bd4 Rhb8 26. Qe2 Bc6 27. Rxa6 Rxa6 28. Bxa6
Ba4 29. Nd2 Ra8 30. Bd3 Nb8 31. Qf2 Be8 32. Nf3 Nc6 33. Bc5 Ra3 34. Bxe7 Qxe7
35. Ng5+ Kg7 36. Rc1 Bd7 37. Qb2 Ra8 38. Nf3 1-0

[Event "38. Open Ciudad de San Sebastián"]
[Site "San Sebastián ESP"]
[Date "2015.03.28"]
[Round "1.20"]
[White "Cendagortagalarza Rodriguez, J."]
[Black "Prieto Aranguren, Alain"]
[Result "0-1"]
[WhiteElo "1768"]
[BlackElo "2216"]
[PlyCount "79"]
[EventDate "2015.03.28"]
[EventType "swiss"]
[EventRounds "9"]
[EventCountry "ESP"]
[Source "lmi"]
[SourceDate "2015.03.28"]

1. e4 c5 2. Nf3 Nc6 3. Nc3 e5 4. Bc4 Be7 5. d3 Nf6 6. Bg5 O-O 7. Qd2 a6 8. a4
d6 9. h3 Nd4 10. Bxf6 Nxf3+ 11. gxf3 Bxf6 12. Rg1 g6 13. Nd5 Bg7 14. Rg3 Be6
15. Ke2 Kh8 16. Rh1 f5 17. h4 b5 18. axb5 axb5 19. Bb3 fxe4 20. fxe4 c4 21.
dxc4 bxc4 22. Bxc4 Bxd5 23. Bxd5 Rc8 24. h5 Qb6 25. hxg6 Qxf2+ 26. Kd1 Qxd2+
27. Kxd2 h6 28. Rg2 Rb8 29. b3 Rf3 30. Ra1 h5 31. Rh1 Bh6+ 32. Kd1 Kg7 33. Rxh5
Rf1+ 34. Ke2 Rc1 35. Kd3 Rd1+ 36. Kc4 Rd4+ 37. Kc3 Rc8+ 38. Kb2 Bd2 39. Rh7+
Kf8 40. g7+ 0-1

[Event "38. Open Ciudad de San Sebastián"]
[Site "San Sebastián ESP"]
[Date "2015.03.28"]
[Round "1.21"]
[White "Iagar, Razvan-gabriel"]
[Black "Munoz Avila, Jose Luis"]
[Result "1-0"]
[WhiteElo "2189"]
[BlackElo "1764"]
[PlyCount "67"]
[EventDate "2015.03.28"]
[EventType "swiss"]
[EventRounds "9"]
[EventCountry "ESP"]
[Source "lmi"]
[SourceDate "2015.03.28"]

1. d4 d5 2. c4 e6 3. Nf3 Nf6 4. g3 Be7 5. Bg2 O-O 6. O-O b6 7. Ne5 Bb7 8. Qa4
Qc8 9. Nc3 dxc4 10. Qxc4 Bxg2 11. Kxg2 Qb7+ 12. f3 c5 13. Rd1 cxd4 14. Rxd4 Rc8
15. Qa4 Nc6 16. Nxc6 Rxc6 17. e4 a6 18. Qd1 Rac8 19. Bf4 b5 20. Rc1 Qb6 21. Rd3
Ne8 22. Ne2 Rxc1 23. Nxc1 Rc6 24. Ne2 f6 25. Be3 Qc7 26. Rd7 Qe5 27. Rxe7 Nd6
28. Qd4 Kf8 29. Qxe5 fxe5 30. Rxe6 Kf7 31. Rxe5 Nc4 32. Rf5+ Rf6 33. Rxf6+ gxf6
34. Bd4 1-0

[Event "38. Open Ciudad de San Sebastián"]
[Site "San Sebastián ESP"]
[Date "2015.03.28"]
[Round "1.22"]
[White "Calleja Morales, Daniel"]
[Black "Urriza Iricibar, Pablo"]
[Result "0-1"]
[WhiteElo "1759"]
[BlackElo "2180"]
[PlyCount "50"]
[EventDate "2015.03.28"]
[EventType "swiss"]
[EventRounds "9"]
[EventCountry "ESP"]
[Source "lmi"]
[SourceDate "2015.03.28"]

1. e4 e6 2. d4 d5 3. exd5 exd5 4. Nf3 Nc6 5. c3 Bd6 6. Bd3 Bg4 7. O-O Qd7 8.
Bg5 f6 9. Bh4 g5 10. Bg3 O-O-O 11. Nbd2 Nge7 12. b4 h5 13. b5 Nb8 14. Bxd6 Qxd6
15. Qa4 h4 16. Be2 Be6 17. c4 g4 18. Ne1 g3 19. Nef3 gxh2+ 20. Nxh2 Nf5 21. c5
Qf4 22. Nb3 h3 23. g4 Ng3 24. Bf3 Nxf1 25. Rxf1 Rdg8 0-1

[Event "38. Open Ciudad de San Sebastián"]
[Site "San Sebastián ESP"]
[Date "2015.03.28"]
[Round "1.23"]
[White "Henderson De La Fuente, Lance"]
[Black "Guillo Longares, Cecilia"]
[Result "1-0"]
[WhiteElo "2162"]
[BlackElo "1759"]
[PlyCount "59"]
[EventDate "2015.03.28"]
[EventType "swiss"]
[EventRounds "9"]
[EventCountry "ESP"]
[Source "lmi"]
[SourceDate "2015.03.28"]

1. e4 d6 2. d4 Nf6 3. Nc3 g6 4. f4 Bg7 5. Nf3 Bg4 6. e5 dxe5 7. fxe5 Nd5 8. Bc4
c6 9. h3 Bxf3 10. Qxf3 e6 11. Ne4 O-O 12. Bg5 Qa5+ 13. c3 Nd7 14. O-O Qb6 15.
Kh1 Qc7 16. Bb3 b5 17. Rae1 a6 18. Qg4 c5 19. Nd6 c4 20. Bc2 N7b6 21. Be4 Rab8
22. Rxf7 Rxf7 23. Qxe6 Nxc3 24. bxc3 Rbf8 25. Rf1 Qd7 26. Bd5 Nxd5 27. Qxd5 h6
28. Rxf7 Rxf7 29. e6 Qa7 30. e7 1-0

[Event "38. Open Ciudad de San Sebastián"]
[Site "San Sebastián ESP"]
[Date "2015.03.28"]
[Round "1.24"]
[White "Henderson De La Fuente, Andrea"]
[Black "Pastor Pons, Pedro Maria"]
[Result "0-1"]
[WhiteElo "1751"]
[BlackElo "2147"]
[PlyCount "152"]
[EventDate "2015.03.28"]
[EventType "swiss"]
[EventRounds "9"]
[EventCountry "ESP"]
[Source "lmi"]
[SourceDate "2015.03.28"]

1. e4 g6 2. Nc3 Bg7 3. d4 d6 4. f4 c6 5. Nf3 Bg4 6. Be3 Qb6 7. Rb1 e5 8. Ne2
Bxf3 9. gxf3 Qa5+ 10. Nc3 Nd7 11. Bh3 Rd8 12. O-O Ne7 13. dxe5 dxe5 14. Qe2 b5
15. Qg2 Bh6 16. Qg4 Qc7 17. Ne2 Bg7 18. Rbd1 exf4 19. Bxf4 Qb6+ 20. Kh1 Nf6 21.
Qh4 h6 22. Rxd8+ Qxd8 23. Qf2 Nh5 24. Be3 Bxb2 25. Bxa7 O-O 26. Be3 Bg7 27. Rg1
Kh7 28. Bc5 Re8 29. f4 Nf6 30. Qg2 Qd2 31. f5 g5 32. e5 Ned5 33. Bd6 Nh5 34. f6
Ndxf6 35. exf6 Rxe2 36. Qg4 Nxf6 37. Qf5+ Kg8 38. Qc8+ Ne8 39. Bg3 Qxc2 40. Rf1
Qe4+ 41. Kg1 Bd4+ 42. Bf2 Kg7 43. Bg2 Bxf2+ 44. Rxf2 Re1+ 45. Rf1 Qe3+ 46. Kh1
Qf2 47. Qh3 Nf6 48. Qd3 g4 49. a3 h5 50. Rxe1 Qxe1+ 51. Bf1 Qe4+ 52. Qxe4 Nxe4
53. Bg2 Nc3 54. Bxc6 f5 55. Kg2 h4 56. Bd7 Kf6 57. Kf2 Ke5 58. Kg2 Kf4 59. Bc6
h3+ 60. Kf2 Kg5 61. Kg3 f4+ 62. Kf2 Kh4 63. Kf1 g3 64. hxg3+ fxg3 65. Kg1 Kg5
66. Bf3 Nb1 67. a4 bxa4 68. Bd5 Nc3 69. Bc4 a3 70. Kh1 a2 71. Bxa2 Nxa2 72. Kg1
Nb4 73. Kh1 Nd3 74. Kg1 Nf2 75. Kf1 h2 76. Ke2 h1=Q 0-1